Statistics for Biggest City by Letter - New York

Click here to take the quiz!

General Stats

  • This quiz has been taken 20 times
  • The average score is 9 of 24

Answer Stats

LetterPopulationCity% Correct
N8,419,316New York City
100%
R206,848Rochester
95%
Y199,968Yonkers
95%
S142,874Syracuse
85%
H767,417Hempstead
65%
U60,320Utica
65%
W58,137White Plains
50%
I331,499Islip
40%
M67,896Mount Vernon
40%
B483,546Brookhaven
35%
F43,078Freeport
35%
J29,504Jamestown
35%
O297,822Oyster Bay
35%
V37,577Valley Stream
30%
G95,988Greece
20%
A125,509Amherst
15%
D25,269De Witt
10%
L43,085Lancaster
10%
Q27,456Queensbury
10%
C86,488Clarkstown
5%
E32,983Eastchester
5%
K24,571Kiryas Joel
5%
P46,671Perinton
5%
T72,159Tonawanda Town
5%

Score Distribution

Percentile by Number Answered

Percent of People with Each Score

Your Score History

You have not taken this quiz